Čo nového v atelieri sochára Fr. Štefunku?

Bibliographic Details
Format: Article
Language:Slovak
PhysicalDescription:Fotogr. 3
Subjects:

MARC

LEADER 00000nab a22000001a 4500
001 vtls010313654
003 SK-MaSNL
005 20260303091430.0
008 110926d19380724xo |r|p|||| |000 b|slo
015 |a SNBRRBVU1918-1938 
038 |a SNKBUCL 
040 |a SNKBUVU  |b slo  |c SNKBUCL  |e AACR2 
041 0 |a slo 
044 |a xo  |c SK 
080 |a 730.071.1  |2 1997 
080 |a 929 Štefunko, Fraňo  |2 1997 
245 0 0 |a Čo nového v atelieri sochára Fr. Štefunku?  |c [autor] (mh) 
300 |b Fotogr. 3 
500 |a V rubrike Bez politiky 
600 1 7 |a Štefunko, Fraňo,  |d 1903-1974  |2 MM  |9 114523 
650 0 7 |a slovenskí sochári  |2 snkbucl  |9 321857 
655 7 |a profily  |2 MM  |9 341977 
655 7 |a reprodukcie výtvarných diel  |2 MM  |9 310790 
773 0 |t Slovenský denník  |g Roč. 21, č. 169 (24.7.1938), s. 5 
852 |a SNK  |b KIS3GCP 
910 |a snkrbvumm 
958 |a VY 
958 |a BX 
999 |c 1807520  |d 1809450